| 000 | 00844nam a2200193 a 4500 | ||
|---|---|---|---|
| 008 | 120416s2003 ||||||||||||||||| || u | ||
| 020 | _a9211168619 | ||
| 050 | _aUN-ECE(08)APS | ||
| 110 | _aUnited Nations Economic Commission for Europe (UNECE) | ||
| 245 | 1 | 0 |
_aGuidelines for estimating and reporting emission data under the convention on long-range transboundary air pollution _cby United Nations Economic Commission for Europe (UN-ECE) |
| 260 |
_aGeneva : _bECE _c2003 |
||
| 300 | _av, 63p. : ill. | ||
| 350 | _a0.00 | ||
| 650 | _aAIR QUALITY MANAGEMENT--EUROPE | ||
| 650 | _aPOLLUTION | ||
| 650 | _aAIR--POLLUTION--EUROPE--MEASUREMENT | ||
| 650 | _aTRANSBOUNDARY POLLUTION--EUROPE | ||
| 995 |
_D0.00 _FCBU-MAIN LIBRARY (Kitwe) _H1 _I0.00 _M1 _UAVAILABLE _ZInternational Publications |
||
| 999 |
_c45167 _d45167 |
||